| 000 | 00000nam##2200000za#4500 |
| 001 | 9.686254 |
| 003 | CaOODSP |
| 005 | 20210624230442 |
| 007 | cr ||||||||||| |
| 008 | 150407|2001||||xxc|||||o f|0| 0 eng|d |
| 020 | |a0-662-31216-3 |
| 040 | |aCaOODSP|beng |
| 043 | |an-cn--- |
| 086 | 1 |aE2-430/2001E-IN |
| 110 | 1 |aCanada.|bForeign Affairs and International Trade. |bCanadian Centre for Foreign Policy Development. |
| 245 | 10|aReport from the Roundtable on International Corruption (June 21, 2001) / |h[electronic resource]|c[by] Marketa Geislerova. |
| 260 | |aOttawa - Ontario : |bForeign Affairs and International Trade. |c[2001]. |
| 300 | |a8p. |
| 590 | |a10-06-Supp|b2010-07-26 |
| 690 | 07|aForeign policy|2gcpds |
| 690 | 07|aFraud|2gcpds |
| 690 | 07|aInternational finance|2gcpds |
| 776 | 0#|tReport from the Roundtable on International Corruption / |w(CaOODSP)9.648372 |
| 856 | 40|ahttp://publications.gc.ca|qPDF|s121 KB|uhttps://publications.gc.ca/collections/Collection/E2-430-2001E.pdf |
| 986 | |a1023.1E |